000 01017nmm a22003135u 4500
999 _c15064
_d15064
005 20200815162338.0
008 100301s2007 xx j eng d
020 _a9781402064463
050 0 4 _aLB2900
_bS64 2007
100 1 _aSoguel, Nils C.
245 1 0 _aGovernance and Performance of Education Systems
_h[electronic resource] /
_cedited by Nils C. Soguel, Pierre Jaccard.
250 _a1a ed.
260 _aDordrecht :
_bSpringer,
_c2007.
300 _bv.: digital
650 0 _aEducación y Estado
_z Europa
650 4 _aMediciones y pruebas educativas
_zEuropa
700 1 _aJaccard, Pierre.
710 2 _aSpringerLink (Online service)
773 0 _tSpringer eBooks
856 4 0 _uhttp://dx.doi.org/10.1007/978-1-4020-6446-3
942 _2lcc
_cLIE